[Event "American Continental 04th"]
[Site "Cali"]
[Date "2007.07.20"]
[Round "11"]
[White "Sanchez, M Luis E"]
[Black "Orozco Lopez, Luz Elena"]
[Result "0-1"]
[WhiteElo "2143"]
[BlackElo "1908"]
[PlyCount "146"]
[EventDate "2007.07.10"]
[EventType "swiss"]
[EventRounds "11"]
[EventCountry "COL"]
[SourceTitle "CBM 119 Extra"]
[Source "ChessBase"]
[SourceDate "2007.09.04"]
[SourceVersion "1"]
[SourceVersionDate "2007.09.04"]
[SourceQuality "1"]

1. e4 d5 2. exd5 Qxd5 3. Nc3 Qa5 4. Bc4 Nf6 5. d4 c6 6. Nf3 Bg4 7. 0-0 e6 8. h3 Bh5 9. Re1 Be7 10. Re5 Qc7 11. Ne4 Nbd7 12. Nxf6+ Nxf6 13. c3 0-0 14. Bg5 Bg6 15. Qe2 Bd6 16. Re3 Nd5 17. Bxd5 cxd5 18. Ne5 Bxe5 19. dxe5 Rac8 20. Rg3 Qc4 21. Qd2 Qe4 22. Re1 Qc2 23. Qxc2 Bxc2 24. Bh6 Bg6 25. Be3 Rc4 26. Bd4 Ra4 27. a3 Bc2 28. Re2 Bb3 29. f4 Rc4 30. f5 a5 31. h4 a4 32. Rf2 Ba2 33. h5 Bb1 34. f6 g6 35. Kh2 Kh8 36. Kh3 b5 37. Kh4 Rg8 38. Rf1 Be4 39. hxg6 Rxg6 40. Rxg6 Bxg6 41. Kg5 Kg8 42. Kh6 Kf8 43. Rf4 Kg8 44. g3 Kf8 45. Rg4 Kg8 46. Kg5 Bf5 47. Rh4 Bg6 48. Kf4 Bc2 49. Ke3 Bg6 50. Kd2 Bf5 51. Kc1 Rc8 52. Rh5 Bg6 53. Rg5 Kh8 54. Rg4 Rg8 55. Bf2 Be4 56. Rh4 Rg5 57. b3 Rf5 58. Rh2 axb3 59. Kb2 Bc2 60. Bd4 Rf1 61. c4 dxc4 62. Kc3 Rf3+ 63. Kb4 b2 64. Bxb2 Rb3+ 65. Kc5 Rxb2 66. Kd6 c3 67. g4 Bg6 68. Rh3 Rb3 69. Kc5 c2 70. Rxb3 c1Q+ 71. Kxb5 Qf4 72. g5 Qxg5 73. Kc6 Qxe5 0-1

[Event "American Continental 04th"]
[Site "Cali"]
[Date "2007.07.19"]
[Round "10"]
[White "Rua, Nora L"]
[Black "Sanchez, M Luis E"]
[Result "0-1"]
[WhiteElo "1960"]
[BlackElo "2143"]
[PlyCount "84"]
[EventDate "2007.07.10"]
[EventType "swiss"]
[EventRounds "11"]
[EventCountry "COL"]
[SourceTitle "CBM 119 Extra"]
[Source "ChessBase"]
[SourceDate "2007.09.04"]
[SourceVersion "1"]
[SourceVersionDate "2007.09.04"]
[SourceQuality "1"]

1. d4 d5 2. Nf3 Nc6 3. Bf4 Nf6 4. e3 Bg4 5. Be2 e6 6. 0-0 Bd6 7. Bxd6 Qxd6 8. Nc3 0-0 9. Rc1 a6 10. Re1 Rfe8 11. a3 Rad8 12. Qd3 e5 13. dxe5 Nxe5 14. Nxe5 Qxe5 15. Rcd1 Bf5 16. Qd2 c5 17. h3 d4 18. exd4 cxd4 19. Nb1 Ne4 20. Qc1 Qf6 21. Qf4 Nc5 22. Nd2 g5 23. Qf3 Qg6 24. b4 Na4 25. Bd3 Bxd3 26. Qxd3 Nc3 27. Qxg6+ hxg6 28. Rxe8+ Rxe8 29. Ra1 Rc8 30. Nf3 Ne2+ 31. Kf1 Rxc2 32. Rd1 Ra2 33. Nxd4 Nc3 34. Rc1 Rxa3 35. Ne2 Na2 36. Rb1 Nxb4 37. Rxb4 Ra1+ 38. Nc1 Rxc1+ 39. Ke2 b5 40. Rb2 Kg7 41. Ra2 Rc6 42. Kd3 Kf6 0-1

[Event "American Continental 04th"]
[Site "Cali"]
[Date "2007.07.12"]
[Round "3"]
[White "Chaucanes, Lina Marcela"]
[Black "Sanchez, M Luis E"]
[Result "0-1"]
[WhiteElo "1991"]
[BlackElo "2143"]
[PlyCount "92"]
[EventDate "2007.07.10"]
[EventType "swiss"]
[EventRounds "11"]
[EventCountry "COL"]
[SourceTitle "CBM 119 Extra"]
[Source "ChessBase"]
[SourceDate "2007.09.04"]
[SourceVersion "1"]
[SourceVersionDate "2007.09.04"]
[SourceQuality "1"]

1. e4 e5 2. Nf3 Nc6 3. Bb5 Nf6 4. 0-0 Be7 5. Re1 d6 6. Bxc6+ bxc6 7. d4 exd4 8. Nxd4 Bd7 9. Nc3 0-0 10. h3 Rb8 11. Nb3 Re8 12. e5 dxe5 13. Rxe5 Bd6 14. Rxe8+ Qxe8 15. Qe2 Qc8 16. Qf3 Qe8 17. Bf4 Rb4 18. Bxd6 cxd6 19. a3 Rb8 20. Rd1 d5 21. Kf1 Be6 22. Qe3 a6 23. Qa7 Qc8 24. Qe3 h6 25. Na4 Bf5 26. Nd4 Be4 27. Qc3 Qc7 28. Nxc6 Re8 29. Kg1 Qf4 30. Nc5 Bg6 31. Nd3 Bxd3 32. cxd3 Qg4 33. Rc1 Qf4 34. Re1 Re6 35. Rxe6 fxe6 36. Qe5 Qc1+ 37. Kh2 Qxc6 38. f4 Kf7 39. f5 exf5 40. Qxf5 Qc7+ 41. Kg1 Qc1+ 42. Kh2 Qxb2 43. a4 a5 44. Qf4 Qc3 45. Qf3 Qe5+ 46. g3 Qb2+ 0-1